Fortnite: The Simpsons Skins - Statistics

General Stats
  • This quiz has been taken 110 times
  • The average score is 8 of 11
Answer Stats
Picture Answer % Correct
Bart Simpson
99%
Homer Simpson
88%
Lisa Simpson
83%
Marge Simpson
81%
Ned Flanders
81%
Krusty the Clown
80%
Tighty Whities Homer
69%
Moe Szyslak
68%
Springfielder Peely
58%
Scratchy
56%
Blinky Fishstick
52%
No matching quizzes found
Score Distribution
Percent of People with Each Score
Percentile by Number Answered
Your Score History
You have not taken this quiz